Forensic and Investigative Accounting
Gespeichert in:
| 1. Verfasser: | |
|---|---|
| Weitere Verfasser: | , , |
| Format: | Buch |
| Sprache: | Englisch |
| Veröffentlicht: |
Riverwoods
Wolters Kluwer/CCH Incorporated
2017
|
| Ausgabe: | 8th Edition |
| Schriftenreihe: | CCH Publications
|
| Schlagworte: | |
| Tags: |
Keine Tags, Fügen Sie das erste Tag hinzu!
|
MARC
| LEADER | 00000nam a2200000 4500 | ||
|---|---|---|---|
| 001 | 0248963 | ||
| 005 | 20240221114049.1 | ||
| 020 | |a 978-0-8080-4624-0 | ||
| 041 | 0 | |a eng | |
| 044 | |a US | ||
| 245 | 1 | 0 | |a Forensic and Investigative Accounting |c D. Larry Crumbley, Edmund D. Fenton, G. Stevenson Smith, Lester E. Heitger |
| 250 | |a 8th Edition | ||
| 264 | 1 | |a Riverwoods |b Wolters Kluwer/CCH Incorporated |c 2017 | |
| 300 | |a S.1001-18,041 | ||
| 490 | 1 | |a CCH Publications | |
| 830 | 0 | |a CCH Publications | |
| 610 | 2 | 0 | |a účtovníctvo |
| 610 | 2 | 0 | |a podnikanie |
| 610 | 2 | 0 | |a podvody |
| 610 | 2 | 0 | |a pranie špinavých peňazí |
| 610 | 2 | 0 | |a výkazníctvo finančné |
| 610 | 2 | 0 | |a kriminalita |
| 610 | 2 | 0 | |a prevencia |
| 610 | 2 | 0 | |a účtovníctvo forenzné |
| 100 | 1 | |a Crumbley, D. L. | |
| 700 | 1 | |a Fenton, Edmund D. | |
| 700 | 1 | |a Smith, G. Stevenson | |
| 700 | 1 | |a Heitger, Lester E. | |